West End Shows Quiz Stats

 Plays Quiz Retired Jun 22, 2021

     
Support Sporcle.
Go Orange.
Score 0/24 Timer 08:00
0 Plays Today
Year debuted Show % Correct
1981Cats
79.2%
1986The Phantom of the Opera
76.7%
1985Les Misérables
66.2%
1999Disney's The Lion King
54%
1997Chicago
45.1%
2005Billy Elliot the Musical
41.2%
1952The Mousetrap
35.3%
1999Mamma Mia!
34.8%
2002We Will Rock You
32.5%
2006The 39 Steps
29.2%
1972Jesus Christ Superstar
28.9%
1984Starlight Express
27.9%
Year debuted Show % Correct
2009Thriller
27%
1989Miss Saigon
24.7%
1988Blood Brothers
21.2%
1989The Woman in Black
21%
2002Stomp
16.3%
2008Jersey Boys
14.7%
1989Buddy
9.4%
2006Wicked
8%
1970Oh! Calcutta!
4.3%
1971No Sex Please, We're British
3.1%
1996The Complete Works of William Shakespeare (Abridged)
2%
1962The Black and White Minstrel Show
1.7%

From the Vault

Spacebar Challenge With a Twist

by Remember_snood

There's more challenge to be had with our favorite keyboard key.
Remove Ads.
Support Sporcle.
Get the best of Sporcle when you Go Orange. This ad-free experience offers more features, more stats, and more fun while also helping to support Sporcle. Thank you for becoming a member.

Show Comments

Extras

Top Quizzes Today


Score Distribution

Your Account Isn't Verified!

In order to create a playlist on Sporcle, you need to verify the email address you used during registration. Go to your Sporcle Settings to finish the process.

Report this User

Report this user for behavior that violates our Community Guidelines.

Details: